| 000 | 00828nmc a2200289 a 4500 | ||
|---|---|---|---|
| 003 | AR-BaBNM | ||
| 005 | 20251128211345.0 | ||
| 008 | 114020s2002 ||||||||||||||000 | spa|| | ||
| 020 | _a987-20570-0-1 | ||
| 040 | _cAR-BaBNM | ||
| 100 | 1 | _aBattro, Antonio M. | |
| 245 | 1 | 0 |
_aAprender hoy _buna colección de ideas |
| 250 | _a1ª ed. | ||
| 260 |
_aBuenos Aires _bPapers Editores _c2002 |
||
| 300 | _a160 p. | ||
| 490 | 0 | _aEducación | |
| 500 | _aCompilación de artículos publicados en el diario "La Nación" entre julio de 1999 y diciembre de 2001 | ||
| 650 | 4 | _aARTE | |
| 650 | 4 | _aAPRENDIZAJE | |
| 650 | 4 | _aEDUCACION | |
| 650 | 4 | _aPSICOLOGIA DE LA EDUCACION | |
| 650 | 4 | _aTECNOLOGIA EDUCATIVA | |
| 700 | 1 |
_aDenham, Percival J. _ecolaborador |
|
| 800 | 1 | _aAguerrondo, Inés | |
| 942 | _cBK | ||
| 998 | _craquel | ||
| 999 |
_c19314 _d19314 |
||